000 00801nam a22002057a 4500
999 _c12199
_d12199
003 AR-CdUCM
008 190408b ||||| |||| 00| 0 spa d
040 _aMUNICIPALIDAD PROVINCIAL DEL CUSCO
_cBIBLIOTECA MUNICIPAL DEL CUSCO
041 _hfre
082 _a910 /
_bR299 / 1890
100 _aReclus, Eliseo
_929928
245 _aNueva geografía universal :
_bLa tierra y los hombres /
260 _aMadrid :
_bEl progreso editorial,
_c1890
300 _aTomos ;
_bMapas, ilustraciones,
_c28 cm.
505 _aContenido: t.1: Europa mediterránea oriental ó del sudeste. 2da. ser: t.1: África del nordeste. 2da. ser: t.2: África Noroeste.
700 _aCoello, Francisco (traductor)
_929929
700 _aFerreiro, Martin (traductor)
_929930
942 _2ddc
_cLIBROS
945 _acmm
_d2019-04-08